000 00349nam a22001457a 4500
003 OSt
005 20251021110329.0
008 251021b |||||||| |||| 00| 0 eng d
020 _a9966228578
040 _cJKF
050 _aPL 8009.5 .O 2011
245 _aA FAMILY AFFAIR
_cOGANA, WANDERA
260 _aNAIROBI, KENYA
_bJKF
_c2011
942 _2lcc
_cBK
_n0
999 _c9684
_d9684